| 000 | 00681nam a2200169 a 4500 | ||
|---|---|---|---|
| 008 | 120416s0000 ||||||||||||||||| || u | ||
| 020 | _a047108641X | ||
| 050 | _aGB 1003.2 Tod | ||
| 100 | _aTodd, David Keith | ||
| 245 | 1 | 0 | _aGroundwater hydrology |
| 250 | _a2nd ed. | ||
| 260 |
_aNew York _bJohn Wiley and Sons _c1980 |
||
| 300 | _axiii, 535p. : ill. | ||
| 350 | _a0.00 | ||
| 995 |
_aBINDERY (DAMAGED) _D0.00 _e712998 _FCBU-MAIN LIBRARY (Kitwe) _H2 _I12.50 _jGB 1003.2 Tod _M2 _UDAMAGED _y002212 _ZMain Library Open Access Collection |
||
| 995 |
_aBINDERY (DAMAGED) _D0.00 _e712997 _FCBU-MAIN LIBRARY (Kitwe) _H1 _I12.50 _jGB 1003.2 Tod _M1 _UDAMAGED _y002213 _ZMain Library Open Access Collection |
||
| 999 |
_c76022 _d76022 |
||